| 000 | 00768nam a22002657a 4500 | ||
|---|---|---|---|
| 001 | 9196 | ||
| 003 | FISKH | ||
| 005 | 20251128123118.0 | ||
| 008 | 251128b cb ||||| |||| 00| 0 eng d | ||
| 020 | _a9780439295833 | ||
| 040 |
_aFISKH _beng _cFISKH _dFISKH |
||
| 050 | _aQC381 .O77 | ||
| 082 | _a535.4 | ||
| 100 |
_aOtto, Carolyn _eAuthor |
||
| 245 |
_aShadows : _bScholastic science readers / _cCarolyn B. Otto |
||
| 260 |
_aNew York : _bScholastic Inc. , _c2001 |
||
| 300 |
_a32 pages : _bcolor illustrations ; _c23 cm |
||
| 505 | _aJ | ||
| 520 | _aA simple description of what shadows are and how they can change. | ||
| 521 | 8 |
_a480
_bLexile |
|
| 521 | 8 |
_aJ
_bRaz-Plus |
|
| 650 |
_aScience nonfiction _vShadows |
||
| 942 |
_2ddc _cBK _n0 |
||
| 999 |
_c9196 _d9196 |
||